Largest Cities and Towns of Zimbabwe - Statistics

General Stats
  • This quiz has been taken 23 times
  • The average score is 4 of 15
Answer Stats
Placement Population (2022) Answer % Correct
1 1,849,600 Harare
100%
2 665,940 Bulawayo
82%
3 371,244 Chitungwiza
45%
4 224,802 Mutare
45%
10 90,286 Masvingo
36%
5 161,292 Gweru
27%
7 117,380 Kadoma
18%
6 119,863 Kwekwe
18%
9 94,083 Ruwa
18%
14 Unknown Chegutu
9%
8 103,671 Chinhoyi
9%
13 Unknown Epworth
9%
11 87,038 Norton
9%
12 66,203 Marondea
0%
15 Unknown Zvishavane
0%
No matching quizzes found
Score Distribution
Percent of People with Each Score
Percentile by Number Answered
Your Score History
You have not taken this quiz